Isaac Asimov presents the best science fiction of the 19th century /

Bibliographic Details
Other Authors: Asimov, Isaac, 1920-1992, Waugh, Charles G. (Charles Gordon), 1943-, Greenberg, Martin Harry
Format: Book
Language:English
Published: New York : Beaufort Books, [1981]
Edition:1st ed.
Subjects:

MARC

Tag First Indicator Second Indicator Subfields
LEADER 00000pam a2200000 a 4500
001 in00000082184
005 20151008055527.0
008 801202s1981 nyu 00001 engm
010 |a  80027721  
020 |a 082530038X :  |c $15.95 
035 |a (OCoLC)07169087 
035 |9 AAJ3707AM 
040 |a DLC  |c DLC  |d m.c.  |d TXA  |d UtOrBLW 
049 |a TXAM [Also in] [Sp Coll]  |c 1 [800758]  |a TXAS  |c 2 [1422316] 
050 0 0 |a PN6120.95.S33  |b I8 1981 
082 0 |a 808.83/876  |2 19 
245 0 0 |a Isaac Asimov presents the best science fiction of the 19th century /  |c edited by Isaac Asimov, Charles G. Waugh, and Martin Greenberg. 
250 |a 1st ed. 
264 1 |a New York :  |b Beaufort Books,  |c [1981] 
264 4 |c ©1981 
300 |a 316 pages ;  |c 24 cm. 
336 |a text  |b txt  |2 rdacontent 
337 |a unmediated  |b n  |2 rdamedia 
338 |a volume  |b nc  |2 rdacarrier 
505 0 |a The sandman / E.T.A. Hoffmann -- The mortal immortal / Mary Wollstonecraft Shelley -- A descent into the maelstrom / Edgar Allan Poe -- Rappaccini's daughter / Nathaniel Hawthorne -- The clock that went backward / Edward Page Mitchell -- Into the sun / Robert Duncan Milne -- A tale of negative gravity / Frank R. Stockton -- The horla / Guy de Maupassant -- The shapes / J.-H. Rosny aine -- To whom this may come / Edward Bellamy -- The great Keinplatz experiment / Sir Arthur Conan Doyle -- In the abyss / H.G. Wells -- The Thames Valley catastrophe / Grant Allen -- The lizard / C.J. Cutcliffe Hyne -- A thousand deaths / Jack London. 
650 0 |a Science fiction. 
700 1 |a Asimov, Isaac,  |d 1920-1992. 
700 1 |a Waugh, Charles G.  |q (Charles Gordon),  |d 1943- 
700 1 |a Greenberg, Martin Harry. 
999 |a MARS 
999 f f |s 485ab325-84ee-3c9f-9426-34b9238c1509  |i 01dc5766-7a70-33d8-ad43-e65f377fb173  |t 0 
952 f f |p noncirc  |a Texas A&M University  |b College Station  |c Cushing Memorial Library & Archives  |d Cushing: Science Fiction (Does not check out)  |t 0  |e PN6120.95 S33 I8 1981  |h Library of Congress classification  |i unmediated -- volume  |m A14806066938 
952 f f |p ric  |a Texas A&M University  |b Rellis Campus  |c Joint Library Facility  |d Remote Storage  |t 0  |e PN6120.95.S33 I8 1981  |h Library of Congress classification  |i unmediated -- volume  |m A14806179723 
998 f f |a PN6120.95 S33 I8 1981  |t 0  |l Cushing: Science Fiction (Does not check out) 
998 f f |a PN6120.95.S33 I8 1981  |t 0  |l Remote Storage